| 000 | 00546nam a2200181Ia 4500 | ||
|---|---|---|---|
| 003 | IN-BaIIA | ||
| 008 | 211028s9999 xx 000 0 eng d | ||
| 020 | _a81-7167-669-3 | ||
| 040 | _cIIA Library | ||
| 080 |
_a92:5.007(038) _bCHA |
||
| 100 |
_aChattopadhyay, A _925812 |
||
| 245 | 0 |
_aBiographical dictionary of Indian scientists _bfrom acient to contemporary _cA. Chattopadhyay |
|
| 260 |
_aNew Delhi _bRupa Publications _c2002 |
||
| 300 | _axii, 1597p. | ||
| 650 |
_aBiography _91224 |
||
| 650 |
_aDictionary- Scientists _925813 |
||
| 942 | _cBK | ||
| 999 |
_c14531 _d14531 |
||